LEADER 01133nam a2200277 u 4500 001 000000047355 003 CaOOAMICUS 005 20070226114857.0 008 990916s1975 it u000 u ita u 035 $a10832728 040 $aMSA$bita 100 1 $aCardia, Carlo.$0(OLS)http://pul/name/7644 245 13$aIl diritto di famiglia in Italia /$cCarlo Cardia. 260 $aRoma :$bEditori Riuniti,$c1975. 300 $a379 p. ; 490 1 $aArgomenti ;$v45 504 $aBibliografia in nota. 650 4$aFamiglia (diritto).$0(OLS)http://pul/subject/1842 830 0$aArgomenti (Editori Riuniti) ;$v45.$0(OLS)http://pul/title/63742 850 $aPUL 852 $aPUL$W1$xDP1 Fondo Ciprotti$y59$m1540 E 33$j63296$nBK-PRI$b $qFondi$B63296$CPULBib$Z2$F63296 $81 852 $aPUL$W1$xDP1 Fondo G. Barberini$y122$m4 A 35$j18617$nBK-PRI$b 2 copia$qFondi$B180178$CPULBib$Z2$F180178 $HBar 1779 $81 941 1 $a1 961 $aINV: F. Ciprotti 996 $6245$aIl diritto di famiglia in Italia$9(OLS)http://pul/title/63741 996 $6260$aRoma :$bEditori Riuniti$9(OLS)http://pul/publisher/54152 LEADER 01147nam a2200277 u 4500 001 000000060358 003 CaOOAMICUS 005 20070226120913.0 008 010719s1967 gw u000 u ger u 035 $a10897864 040 $aPUL(R)$bita 100 1 $aScheeben, Matthias Joseph,$d1835-1888.$0(OLS)http://pul/name/14574 245 10$aGesammelte Aufs{uml}tze /$cMatthias Joseph Scheeben ; herausgegeben von Heribert Schauf. 260 $aFreiburg :$bHerder,$cc1967. 300 $a308 p. ;$c24 cm 490 1 $aGesammelte Schriften ;$v8 504 $aBibliografia in nota. 650 4$aTeologia dogmatica.$0(OLS)http://pul/subject/663 700 1 $aSchauf, Heribert.$0(OLS)http://pul/name/33509 830 0$aGesammelte Schriften (Herder) ;$v8.$0(OLS)http://pul/title/33366 850 $aPUL 852 $aPUL$W1$xSL Religione 2$y84$mTheol D3 6.8$j78657$nBK-PRI$b $qStampati altre collocazioni$B78657$CPULBib$Z2$F78657 $H $81 941 1 $a10 961 $aINV: 29507 996 $6245$aGesammelte Aufs{uml}tze$9(OLS)http://pul/title/80697 996 $6260$aFreiburg :$bHerder$9(OLS)http://pul/publisher/48354